Statistics for Warriors Series Books

Click here to take the quiz!

General Stats

  • This quiz has been taken 140 times
    (119 since last reset)
  • The average score is 20 of 35

Answer Stats

SeriesBook% Correct
WarriorsInto the Wild
87%
WarriorsFire and Ice
82%
Warriors: The New ProphecyMidnight
80%
Warriors: The New ProphecySunset
77%
Warriors: The New ProphecyDawn
76%
Warriors: The New ProphecyTwilight
73%
WarriorsA Dangerous Path
71%
WarriorsForest of Secrets
71%
Super EditionBluestar's Prophecy
70%
Warriors: The New ProphecyMoonrise
70%
WarriorsRising Storm
70%
Warriors: Power of ThreeSunrise
70%
WarriorsThe Darkest Hour
70%
Super EditionFirestar's Quest
64%
Warriors: The New ProphecyStarlight
60%
Super EditionYellowfang's Secret
58%
Warriors: Omen of the StarsThe Fourth Apprentice
57%
Warriors: Power of ThreeThe Sight
55%
Warriors: Omen of the StarsThe Last Hope
54%
Field GuideCats of the Clans
53%
Super EditionCrookedstar's Promise
52%
Super EditionSkyclan's Destiny
52%
Super EditionTallstar's Revenge
48%
Field GuideCode of the Clans
47%
Warriors: Power of ThreeEclipse
46%
Field GuideBattles of the Clans
45%
Warriors: Power of ThreeDark River
45%
Warriors: Power of ThreeOutcast
45%
Field GuideSecrets of the Clans
45%
Warriors: Omen of the StarsThe Forgotten Warrior
43%
Dawn of the ClansThe Sun Trail
42%
Warriors: Power of ThreeLong Shadows
40%
Warriors: Omen of the StarsFading Echoes
35%
Warriors: Omen of the StarsNight Whispers
33%
Warriors: Omen of the StarsSign of the Moon
29%

Score Distribution

Percentile by Number Answered

Percent of People with Each Score

Your Score History

You have not taken this quiz since the last reset